| 000 | 00566nam a2200217Ia 4500 | ||
|---|---|---|---|
| 003 | OSt | ||
| 005 | 20250917110954.0 | ||
| 008 | 210719s1972 xx 000 0 und d | ||
| 040 | _cAL | ||
| 041 | _aTulu | ||
| 082 | _aT894.2 RAVP | ||
| 100 |
_aRAV (P S) _dರಾವ್ (ಪಿ ಎಸ್) _9239061 |
||
| 245 |
_aPosa jodi _bಪೊಸ ಜೋಡಿ |
||
| 260 |
_aMangaluru _bSahodara Kala Vranda _c1972 |
||
| 300 |
_a61 _bPB |
||
| 365 |
_b1.5 _cRs |
||
| 650 |
_aTulu Drama _9239062 |
||
| 650 |
_aTulu Drama _9239062 |
||
| 906 | _ajodi ; Posa | ||
| 942 |
_2ddc _cBK |
||
| 999 |
_c214649 _d214649 |
||